Microsoft powerPoint 4 para Windows paso a paso / Luis Gasset Vega. (Registro nro. 14104)
[ vista simple ]
| 000 -LÍDER | |
|---|---|
| fixed length control field | 00513nam a2200157 4500 |
| 008 - ELEMENTOS DE LONGITUD FIJA -- INFORMACIÓN GENERAL | |
| fixed length control field | 0 1995 0a 000 0MEX |
| 020 ## - NÚMERO INTERNACIONAL NORMALIZADO PARA LIBROS | |
| ISBN | 84-481-1841-3 |
| 050 ## - SIGNATURA TOPOGRAFICA DE LA BIBLIOTECA DEL CONGRESO (LC) | |
| Número de Clasificación | T385 M546 |
| 082 ## - NUMERO DE CLASIFICACION DECIMAL DEWEY | |
| Número de Clasificación | 001.642 50202 P565m |
| 100 ## - ASIENTO PRINCIPAL--NOMBRE PERSONAL | |
| Nombre personal | Gasset Vega Luis |
| 245 ## - TÍTULO | |
| Título | Microsoft powerPoint 4 para Windows paso a paso / Luis Gasset Vega. |
| 260 ## - PUBLICACIÓN, DISTRIBUCIÓN, ETC. (PIE DE IMPRENTA) | |
| Lugar de publicación, distribución, etc. | México : Mcgraw-Hill |
| 300 ## - DESCRIPCIÓN FÍSICA | |
| Extensión | 400 p. il. / 24 cm. |
| 500 ## - NOTA GENERAL | |
| Nota general | Incluye, índice |
| 650 ## - ASIENTO SECUNDARIO DE MATERIA - TERMINO TEMÁTICO | |
| Término temático o nombre geográfico como elemento de entrada | 1.- GRAFICA POR COMPUTADORA 2.- MICROSOFT POWERPOINT PARA WINDOWS. |
| No. biblioteca | No. biblioteca | Número de clasificación | Código de barras/Número de adquisición | Número de copia | Tipo de material |
|---|---|---|---|---|---|
| LUIS G. INCLAN | LUIS G. INCLAN | 001.642 50202 P565m | 29163 | 3 | Libros |
